Star Wars: Sith Lords - Statistics

General Stats
  • This quiz has been taken 606 times
  • The average score is 10 of 20
Answer Stats
Picture Answer % Correct
Darth Sidious
100%
Darth Vader
100%
Darth Maul
99%
Darth Tyrannus
97%
Darth Revan
81%
Darth Plagueis
76%
Darth Bane
72%
Darth Nihilus
64%
Darth Malgus
56%
Darth Malak
48%
Darth Talon
41%
Darth Sion
36%
Darth Vitiate
35%
Darth Tenebrous
33%
Darth Traya
33%
Darth Krayt
24%
Darth Caedus
20%
Darth Zannah
17%
Darth Andeddu
10%
Darth Desolus
7%
No matching quizzes found
Score Distribution
Percent of People with Each Score
Percentile by Number Answered
Your Score History
You have not taken this quiz